[Event "Open de la Loire 2014-2015"]
[Site "Aurec"]
[Date "2015.05.02"]
[Round "10.6"]
[White "Libiszewski, Christian"]
[Black "Liogier, Pascal"]
[Result "1-0"]
[WhiteElo "1428"]
[BlackElo "1600"]
[PlyCount "81"]
[EventDate "2015.??.??"]

1. e4 c6 2. d4 d5 3. Nc3 dxe4 4. Nxe4 Nd7 5. Bf4 Ndf6 6. Nxf6+ Nxf6 7. c3 e6 8.
Nf3 Bd6 9. Bxd6 Qxd6 10. Bd3 c5 11. Qe2 h6 12. O-O cxd4 13. Rad1 O-O 14. Rfe1
Bd7 15. Nxd4 a6 16. Nf3 Qc7 17. Ne5 Rad8 18. h4 Bc6 19. g4 Nd5 20. Qe4 Nf6 21.
Qe3 Rxd3 22. Rxd3 Be4 23. g5 Bxd3 24. Qxd3 hxg5 25. hxg5 Nd5 26. g6 fxg6 27.
Qxg6 Nf4 28. Qe4 Nh3+ 29. Kg2 Nxf2 30. Qe2 Rf5 31. Nf3 Qb6 32. Qxf2 Qc6 33. Qe3
e5 34. Qe4 Qg6+ 35. Kf2 Qf6 36. Qd5+ Kf8 37. Rxe5 Rxe5 38. Qxe5 Qb6+ 39. Qd4
Qxb2+ 40. Kg3 Qb5 41. Qb4+ 1-0

[Event "Open de la Loire 2014-2015"]
[Site "Aurec"]
[Date "2015.05.02"]
[Round "10.7"]
[White "Fauvin, David"]
[Black "Fournier, Gerald"]
[Result "1/2-1/2"]
[WhiteElo "1620"]
[BlackElo "1490"]
[PlyCount "55"]
[EventDate "2015.??.??"]

1. c4 Nf6 2. Nc3 e6 3. a3 d5 4. cxd5 exd5 5. d4 c6 6. Nf3 Bd6 7. Bg5 Nbd7 8. e3
O-O 9. Bd3 Re8 10. O-O Qc7 11. g3 Ne4 12. Bxe4 dxe4 13. Nd2 f5 14. Rc1 Qb6 15.
Nc4 Qc7 16. d5 Ne5 17. Nxe5 Bxe5 18. dxc6 Bxc3 19. Rxc3 bxc6 20. Bf4 Qd7 21.
Qxd7 Bxd7 22. Bd6 Rac8 23. a4 a6 24. a5 Kf7 25. b4 Red8 26. Be5 g6 27. Rc5 Be6
28. Rfc1 1/2-1/2

[Event "Open de la Loire 2014-2015"]
[Site "Aurec"]
[Date "2015.05.02"]
[Round "10.8"]
[White "Trottet, Francois"]
[Black "Desassis, Jean-Francois"]
[Result "0-1"]
[WhiteElo "1400"]
[BlackElo "1491"]
[PlyCount "106"]
[EventDate "2015.??.??"]

1. e4 c5 2. Nf3 d6 3. c3 Qa5 4. d4 cxd4 5. Nxd4 Nc6 6. Bb5 Bd7 7. b4 Qc7 8. Be3
Nf6 9. f3 e5 10. Ne2 Be7 11. O-O a6 12. Ba4 b5 13. Bb3 O-O 14. a4 Kh8 15. a5
Nh5 16. Qd2 f5 17. exf5 Qc8 18. Qd5 Bxf5 19. g4 Bxg4 20. fxg4 Qxg4+ 21. Qg2
Rxf1+ 22. Kxf1 Rf8+ 23. Kg1 Qf5 24. Nd2 Nf4 25. Nxf4 exf4 26. Rf1 f3 27. Rxf3
Qd7 28. Rxf8+ Bxf8 29. Bd5 Ne5 30. Bh6 Ng4 31. Bf4 Qa7+ 32. Kf1 Ne3+ 33. Bxe3
Qxe3 34. Be4 Qxc3 35. Qf2 Be7 36. Kg2 Qxb4 37. Bd3 Qxa5 38. Qe3 Qd8 39. Qe4 g6
40. Qd4+ Bf6 41. Qd5 Be5 42. Nf3 Qg8 43. Qb7 Qa2+ 44. Kh3 Qe6+ 45. Kh4 Qf6+ 46.
Kh3 Qe6+ 47. Kg2 Qg4+ 48. Kf2 Bd4+ 49. Nxd4 Qxd4+ 50. Ke2 Qb2+ 51. Ke3 Qe5+ 52.
Be4 Qxh2 53. Qc8+ Kg7 0-1

[Event "Open de la Loire 2014-2015"]
[Site "Aurec"]
[Date "2015.05.02"]
[Round "10.9"]
[White "Volay, Pascal"]
[Black "Guichard, Thomas"]
[Result "0-1"]
[WhiteElo "1480"]
[BlackElo "1460"]
[PlyCount "60"]
[EventDate "2015.??.??"]

1. e4 e6 2. d4 d5 3. exd5 exd5 4. Bd3 Nf6 5. h3 Bd6 6. Nf3 O-O 7. O-O Re8 8.
Bg5 h6 9. Be3 Ne4 10. Nbd2 Bf5 11. c4 c6 12. cxd5 cxd5 13. Qb3 Nc6 14. a3 Rc8
15. Bb5 a6 16. Bxc6 bxc6 17. Rfc1 Qd7 18. Kf1 Rb8 19. Qa4 Rxb2 20. Qxc6 Nxd2+
21. Nxd2 Rxe3 22. Qxd7 Bxd7 23. fxe3 Rxd2 24. Rd1 Rb2 25. Rac1 Bh2 26. a4 Bf5
27. Ra1 Be4 28. Ke1 Bg3+ 29. Kf1 Rf2+ 30. Ke1 Rxg2+ 0-1

[Event "Open de la Loire 2014-2015"]
[Site "Aurec"]
[Date "2015.05.02"]
[Round "10.10"]
[White "Barrandon, Georges"]
[Black "Bournez, Gerard"]
[Result "1-0"]
[WhiteElo "1460"]
[BlackElo "1330"]
[PlyCount "83"]
[EventDate "2015.??.??"]

1. d4 Nf6 2. c4 e6 3. Nc3 d5 4. cxd5 Nxd5 5. e4 Nxc3 6. bxc3 Bd7 7. Nf3 Be7 8.
Bd3 O-O 9. O-O a6 10. c4 c6 11. Qb3 b5 12. c5 h6 13. a4 bxa4 14. Qb7 Qa5 15.
Bd2 Qd8 16. Qxa8 Qc8 17. Qa7 f6 18. Qb6 Bd8 19. Qb4 a5 20. Qxa4 Be7 21. Qxa5
Bd8 22. Qc3 Bc7 23. Qc1 Qd8 24. Bc4 Qe7 25. Ra7 Rc8 26. Bf4 Qd8 27. Bxc7 Rxc7
28. Rxc7 Qxc7 29. Qb2 Bc8 30. Rb1 Nd7 31. Bxe6+ Kh7 32. Bxd7 Qxd7 33. Qb8 h5
34. Qf4 Qf7 35. Re1 g6 36. e5 f5 37. Ng5+ Kg7 38. Nxf7 Kxf7 39. Qh6 Ke6 40.
Qxg6+ Kd5 41. Qd6+ Kc4 42. e6 1-0

[Event "Open de la Loire 2014-2015"]
[Site "Aurec"]
[Date "2015.05.02"]
[Round "10.11"]
[White "Piguet, Francois"]
[Black "Legendre, Julien"]
[Result "1/2-1/2"]
[WhiteElo "1599"]
[BlackElo "1490"]
[PlyCount "60"]
[EventDate "2015.??.??"]

1. e4 e5 2. Nf3 Nc6 3. Bb5 d6 4. d4 exd4 5. Nxd4 Bd7 6. Nc3 a6 7. Bxc6 Bxc6 8.
O-O Be7 9. Nd5 Nf6 10. Nxc6 bxc6 11. Nxe7 Qxe7 12. Bg5 O-O 13. Re1 Qe5 14. Bxf6
Qxf6 15. b3 Rfe8 16. c4 Rad8 17. Qc2 Qd4 18. Rad1 Qe5 19. b4 h6 20. g3 a5 21.
a3 axb4 22. axb4 c5 23. Rd5 Qe6 24. bxc5 dxc5 25. Rxc5 c6 26. e5 Ra8 27. f4 g6
28. Rd1 Red8 29. Rxd8+ Rxd8 30. Qe4 Rc8 1/2-1/2

[Event "Open de la Loire 2014-2015"]
[Site "Aurec"]
[Date "2015.05.02"]
[Round "10.12"]
[White "Brachet, Gerard"]
[Black "Mialon, Franck"]
[Result "0-1"]
[WhiteElo "1320"]
[BlackElo "1320"]
[PlyCount "30"]
[EventDate "2015.??.??"]

1. e4 e5 2. Nf3 Nc6 3. Bc4 Nf6 4. d3 Bc5 5. O-O d6 6. Nc3 Bg4 7. h3 Bh5 8. g4
Nxg4 9. hxg4 Bxg4 10. Be3 Qf6 11. Nd5 Qg6 12. Bg5 h6 13. Nxc7+ Kd7 14. Nxe5+
Nxe5 15. Qd2 Nf3+ 0-1

[Event "Open de la Loire 2014-2015"]
[Site "Aurec"]
[Date "2015.05.02"]
[Round "10.13"]
[White "Poyet, Louis"]
[Black "Choquelle, Jean"]
[Result "1-0"]
[WhiteElo "1280"]
[BlackElo "1210"]
[PlyCount "51"]
[EventDate "2015.??.??"]

1. e4 c5 2. c3 e5 3. Nf3 Nc6 4. d4 cxd4 5. cxd4 Bb4+ 6. Nc3 d6 7. Bb5 Bd7 8.
O-O f6 9. Nd5 h6 10. Bxc6 Ba5 11. Bxd7+ Qxd7 12. Bd2 Bd8 13. Rc1 Ne7 14. Nxe7
Bxe7 15. d5 O-O 16. Nh4 Qe8 17. Qg4 g5 18. Nf5 Kh7 19. Rc7 Rf7 20. Qh5 Qf8 21.
Nxd6 Rg7 22. Nf5 Rg8 23. Rxe7+ Kh8 24. Bb4 g4 25. Nxh6 Rg5 26. Nf7+ 1-0